000 00324nam a2200145Ia 4500
020 _a0749405619
082 _a657.45 DUN
100 _aDunn, J.
_95720
245 _aAuditing explained
260 _aLondon:
_bKogan Page
_c1989
300 _a122p. 21cm.
500 _aIncludes index
650 _aAuditing
_95721
942 _cBK
999 _c1120
_d1120